Job's encounter.

Bibliographic Details
Main Author: Singer, Richard E.
Format: Book
Language:English
Published: New York : Bookman Associates, [1963]
Subjects:

MARC

Tag First Indicator Second Indicator Subfields
LEADER 00000cam a2200000 4500
001 in00000052966
005 20151007080347.0
008 740828s1963 eng u
010 |a  63017402  
035 |a (OCoLC)00991210 
035 |9 AAF4684AM 
040 |c CIN  |d TXA  |d UtOrBLW 
049 |a TXAM  |c [412102] 
050 0 0 |a BS1415.2  |b .S5 
082 0 |a 223.106 
092 |a 223.1  |b S617j 
100 1 |a Singer, Richard E. 
245 1 0 |a Job's encounter. 
264 1 |a New York :  |b Bookman Associates,  |c [1963] 
264 4 |c [©1963] 
300 |a 276 pages :  |b illustrations ;  |c 22 cm. 
336 |a text  |b txt  |2 rdacontent 
337 |a unmediated  |b n  |2 rdamedia 
338 |a volume  |b nc  |2 rdacarrier 
504 |a Bibliography: pages 268-269. 
630 0 0 |a Bible.  |p Job  |x Criticism, interpretation, etc. 
999 |a MARS 
999 f f |s 50c5df8e-06a1-37bb-89d2-eacde91a2646  |i 865dec53-7b12-302d-aee6-300e97d81a61  |t 0 
952 f f |p ric  |a Texas A&M University  |b Rellis Campus  |c Joint Library Facility  |d Remote Storage  |t 0  |e BS1415.2 .S5  |h Library of Congress classification  |i unmediated -- volume  |m A14800603295 
998 f f |a BS1415.2 .S5  |t 0  |l Remote Storage